00628nam a2200157 a 4500003000200000005001700002008004100019050002700060100002500087245011700112260009000229300004000319504004100359650003300400650003700433020250507153106.0970101s19uu xx 00 eng d aPHS LC 5800b.L56 2004 aLimbona, Shalimar D. aA Study on the perceptions of students on the home study program of our Lady of Carmel /cShalimar D. Limbona. aLas Piñas City, Philippines :bSouthville International School and Colleges,c2004. a28 pages :billustrations ;c28 cm. aIncludes bibliographical references. aHome schoolingzPhilippines. aDistance educationzPhilippines.